Analýza dostupnosti bývania na Slovensku

Uložené v:
Podrobná bibliografia
Hlavný autor: Labudová, Viera, 1958-
Médium: Kapitola
Jazyk:Slovak
Tagy: Pridať tag
Žiadne tagy, Buďte prvý, kto otaguje tento záznam!

MARC

LEADER 00000naa$a2200000$$$4500
001 0209213
005 20240502073456.7
041 0 |a slo 
044 |a SK 
245 1 0 |a Analýza dostupnosti bývania na Slovensku  |c Viera Labudová 
500 |a Abstrakt 
100 1 |a Labudová, Viera, 1958-